000 00562nam a2200229Ia 4500
003 OSt
005 20221005122638.0
006 a|||||r|||| 00| 0
007 ta
008 221004b |||||||| |||| 00| 0 eng d
024 _a66187
037 _cTextual
040 _aCRL
_cCRL
_beng
041 _2eng
_aeng
082 _aV55:1:N3, 113F4
100 _aEbert Friedrich
_9632343
245 0 _akampfe und ziele
260 _c1924
650 _aHISTORY
942 _hV55:1:N3, 113F4
_cTEXL
_2cc
999 _c1044930
_d1044930